00694 a2200205 4500010001400000020002300014035001300037037001800050082001400068090001500082100001800097245005600115260004800171270004400219300003000263700001800293942002800311999001500339952013400354 aENG-85311 a0070611823c250.00 aEN-68844 bD.B.Act / Pub14a920.00904 c2028d20281 aHatch, Robert1 aThe hero projectcby Robert Hatch and William Hatch aNew DelhibTata Mcgrawhill Publishingc2006 a7, West Patel NagarbNew Delhie110 008 aix, 204 p.c23 cm. (Pbk.)1 aHatch, Wiliam adplcENk92000904 / HAT c1994d1994 00102ddc40718NFICaDBADbDBADeDBAD/PUBg250.00l0o920.00904pEN-68844r2008-09-15 00:00:00t1u2109v250.00w2008-09-15yEN